000 00815nam a2200229 a 4500
001 000047454
005 20201002060541.0
008 140610s2017 dr 000 0 spa d
020 _a978994561600
040 _aDO-SdBNP
_bspa
_cBNPHU
082 _a342.729302
_bR426co, 2017
110 1 _aRepública Dominicana.
_9447
240 1 0 _aConstitución (2015)
245 1 0 _aConstitución de la República Dominicana :
_bproclamada el 13 de junil de 2015.
260 _aSanto Domingo :
_bEl Tribunal Constitucional,
_c2017.
300 _a301p. ;
_c24 cm.
500 _aTítulo tomado de la cubierta
590 _aInventariado,2019/VM
651 4 _aRepública Dominicana
_xConstitución (2010{Rpara}
_935654
651 4 _aRepública Dominicana
_zDerecho Constitucional
_9449
910 _aValidado. Control de calidad MFF
999 _c46942
_d46942